000 00939nam a2200265Ia 4500
005 20241114153421.0
008 210716s2002 xx 000 0 und d
020 _a9780201708578
040 _cAIMIT LIBRARY
041 _aeng
082 _a005.74
_23
_bCONT
100 _aConnolly, Thomas M.
_947040
245 _aDatabase systems :
_ba practical approach to design implementation and management /
_cBy Thomas Connolly and Carolyn Begg.
250 _a3rd ed.
260 _aNew Delhi :
_bPearson Education ,
_c2002 .
300 _axlix, 1236p. ;
_bPB
_c23 cm.
650 _aDatabase analysis and design techniques
_947041
650 _aRelational model and languages
_9185424
650 _aMethodology
_9185425
650 _aSelected database issues
_9185426
650 _aEmerging trends
_9185427
650 _aEstimating disk space requirements
_947042
700 _aBegg, Carolyn E.
_947043
942 _2ddc
_cBK
_e3rd
_k005.74 CONT
999 _c186194
_d186194